El rol del sociólogo: análisis y perspectivas

Сохранить в:
Библиографические подробности
Главные авторы: Menanteau-Horta, Darío (autor), Donohue, George A (Автор), Fortoul V., Freddy (Автор)
Формат:
Язык:испанский
Опубликовано: Santiago Universitaria 1977
Предметы:
Метки: Добавить метку
Нет меток, Требуется 1-ая метка записи!

MARC

LEADER 00000nam a2200000 a 4500
001 UCR0011
003 CL-VaPUC
008 971129e19770000CL |||||||||||||||||spa|d
082 0 4 |a 301  |b MEN  |2 21 
100 |a Menanteau-Horta, Darío  |e autor  |9 395309 
700 0 |a Donohue, George A  |e author  |9 395310 
700 0 |a Fortoul V., Freddy  |e author  |9 395311 
245 1 3 |a El rol del sociólogo: análisis y perspectivas 
300 |a 227 p 
942 |c BK 
945 |d 19971129 00:00:00  |a jquezada 
260 |a Santiago  |b Universitaria  |c 1977 
650 0 |a Sociología   |9 255410 
650 0 |a Ciencia  |9 255691 
650 0 |a Desarrollo social  |9 264534 
650 7 |a SOCIOLOGO  |2 CL-VaPUC  |9 395312 
650 0 |a Rol social  |9 395313 
583 |a last modification  |c 19971129 00:00:00  |k Rodrigo Vera 
999 |c 263672  |d 263670 
952 |0 0  |1 0  |4 0  |6 301_000000000000000_MEN_1977  |7 0  |8 A  |9 293045  |a BIBHIS  |b BIBHIS  |d 2019-11-19  |i 1209337  |o 301 MEN 1977  |p 1209337  |r 2025-01-20  |w 2019-11-19  |y BK  |k HIS 
952 |0 0  |1 0  |4 0  |6 301_000000000000000_MEN_1977  |7 0  |8 P  |9 293046  |a BIBGIM  |b BIBGIM  |d 2019-11-19  |i 4143892  |o 301 MEN 1977  |p 4143892  |r 2025-01-15  |w 2019-11-19  |y BK  |k GIM